|
|
|
|
| LEADER |
01360nam a2200277 a 4500 |
| 001 |
GR-Patra26174 |
| 008 |
970918s1998 gr e b 001 b eng d |
| 020 |
|
|
|a 0880117567
|
| 082 |
|
0 |
|a 612.76
|2 22
|
| 100 |
1 |
|
|a Latash, Mark L.,
|d 1953-
|
| 245 |
1 |
0 |
|a Neurophysiological basis of movement /
|c Mark L. Latash.
|
| 260 |
|
|
|a Champaign, IL :
|b Human Kinetics,
|c c1998
|
| 300 |
|
|
|a x, 269 σ. :
|b εικ.
|
| 500 |
|
|
|a Παράρτημα Αιγίου. Τμήμα Φυσικοθεραπείας.
|
| 504 |
|
|
|a Περιλαμβάνει βιβλιογραφίες και ευρετήριο.
|
| 610 |
2 |
4 |
|a Παράρτημα Αιγίου. Τμήμα Φυσικοθεραπείας
|
| 650 |
|
0 |
|a Locomotion
|
| 650 |
|
0 |
|a Motor ability
|
| 650 |
|
0 |
|a MOVEMENT DISORDERS
|
| 650 |
|
0 |
|a NEUROPHYSIOLOGY
|
| 710 |
0 |
|
|a Human Kinetics
|
| 942 |
|
|
|2 ddc
|
| 952 |
|
|
|0 0
|1 0
|2 ddc
|4 0
|6 612_760000000000000_LAT
|7 0
|9 308524
|a AIGI
|b AIGI
|c BSC
|d 2021-01-17
|e 24
|f 0
|g 0.00
|l 0
|o 612.76 LAT
|p 92410041762
|r 2021-01-17 00:00:00
|t 1
|w 2021-01-17
|y BK15
|x 20080627 0 1
|x Μεταφορά από 24103
|x GrPaTEI
|
| 952 |
|
|
|0 0
|1 0
|2 ddc
|4 0
|6 612_760000000000000_LAT
|7 0
|9 308525
|a AIGI
|b AIGI
|c BSC
|d 2021-01-17
|e 24
|f 0
|g 0.00
|l 0
|o 612.76 LAT
|p 92410041763
|r 2021-01-17 00:00:00
|t 1
|w 2021-01-17
|y BK15
|x 20080627 0 1
|x Μεταφορά από 24103
|x GrPaTEI
|
| 971 |
|
|
|a .b26737462
|b 15-04-20
|c 26-09-16
|
| 999 |
|
|
|c 177781
|d 177781
|